<?xml version="1.0" encoding="UTF-8"?>
<collection xmlns="http://www.loc.gov/MARC21/slim">
 <record>
  <leader>01099pam a22002298a 4500</leader>
  <controlfield tag="001">00019009</controlfield>
  <controlfield tag="005">20171026081022.0</controlfield>
  <controlfield tag="008">110505s1984                  ||||||Viesd</controlfield>
  <datafield tag="041" ind1="0" ind2="#">
   <subfield code="a">Vie</subfield>
  </datafield>
  <datafield tag="082" ind1="1" ind2="4">
   <subfield code="a">895.922 09</subfield>
   <subfield code="b">T310H</subfield>
  </datafield>
  <datafield tag="100" ind1="0" ind2="#">
   <subfield code="a">Lê Đình Kỵ</subfield>
  </datafield>
  <datafield tag="245" ind1="0" ind2="0">
   <subfield code="a">Tìm hiểu văn học</subfield>
   <subfield code="c">Lê Đình Kỵ</subfield>
  </datafield>
  <datafield tag="260" ind1="#" ind2="#">
   <subfield code="a">Tp. Hồ Chí Minh</subfield>
   <subfield code="b">[ Nxb Tp. HCM ]</subfield>
   <subfield code="c">1984</subfield>
  </datafield>
  <datafield tag="300" ind1="#" ind2="#">
   <subfield code="a">385 tr.</subfield>
   <subfield code="c">19 cm.</subfield>
  </datafield>
  <datafield tag="650" ind1="#" ind2="4">
   <subfield code="a">Lý luận văn học</subfield>
  </datafield>
  <datafield tag="650" ind1="#" ind2="4">
   <subfield code="a">Nghiên cứu văn học</subfield>
  </datafield>
  <datafield tag="653" ind1="#" ind2="#">
   <subfield code="a">Văn học</subfield>
  </datafield>
  <datafield tag="852" ind1="#" ind2="#">
   <subfield code="b">Kho đọc</subfield>
   <subfield code="j">KD.0004368</subfield>
  </datafield>
  <datafield tag="852" ind1="#" ind2="#">
   <subfield code="j">KD.0004368</subfield>
   <subfield code="j">KM.0003851</subfield>
   <subfield code="j">KM.0003858</subfield>
   <subfield code="j">KM.0003853</subfield>
   <subfield code="j">KM.0005560</subfield>
   <subfield code="j">KM.0005561</subfield>
   <subfield code="j">KM.0005562</subfield>
   <subfield code="j">KM.0005564</subfield>
   <subfield code="j">KM.0005565</subfield>
   <subfield code="j">KM.0005839</subfield>
   <subfield code="j">KM.0003854</subfield>
   <subfield code="j">KM.0003857</subfield>
   <subfield code="j">KM.0003856</subfield>
   <subfield code="j">KM.0003852</subfield>
   <subfield code="j">KM.0003855</subfield>
   <subfield code="j">KM.0005559</subfield>
   <subfield code="j">KM.0005563</subfield>
  </datafield>
  <datafield tag="852" ind1="#" ind2="#">
   <subfield code="j">KM.0003851, KM.0003858, KM.0003852, KM.0003853, KM.0003854, KM.0003855, KM.0003857, KM.0003856, KM.0005559, KM.0005560, KM.0005561, KM.0005562, KM.0005563, KM.0005564, KM.0005565, KM.0005839</subfield>
   <subfield code="b">Kho mượn</subfield>
  </datafield>
  <datafield tag="910" ind1=" " ind2=" ">
   <subfield code="d">05/05/2011</subfield>
  </datafield>
  <datafield tag="980" ind1="#" ind2="#">
   <subfield code="a">Trung tâm Học liệu Lê Vũ Hùng, Trường Đại học Đồng Tháp</subfield>
  </datafield>
 </record>
</collection>
